| 000 | 02050nam a22004457a 4500 | ||
|---|---|---|---|
| 003 | CHAP | ||
| 005 | 20220817044221.0 | ||
| 008 | 080603s2005 mx a rs 00010 spa d | ||
| 010 | _a94877 | ||
| 011 | _a95849 | ||
| 035 | _a106480 | ||
| 040 | _cCHAP | ||
| 090 | _aFolleto 17348 | ||
| 110 | 2 |
_aCEPAL _921292 |
|
| 245 | 1 | 0 |
_aEvolución económica durante 2004 y perspectivas para 2005 _c/por Naciones Unidas. Comisión Económica para América Latina y el Caribe |
| 260 |
_aMéxico, D.F. : _bNaciones Unidas. Comisión Económica para América Latina y el Caribe, _c2005- |
||
| 300 |
_av. : _bgráfs., cuadros |
||
| 500 | _aLa biblioteca tiene : v.1 Costa Rica. -- v.2 Cuba. -- v.3 El Salvador. -- v.4 Guatemala. -- v.5 Haití. -- v.6 Honduras. -- v.7 México. -- v.8 Nicaragua. -- v.9 Panamá. -- v.10 República Dominicana | ||
| 590 |
_aBATCH-UPD _b10 _c20130110 _lUCH01 _h0959 |
||
| 590 |
_aBATCH-UPD _b10 _c20130410 _lUCH01 _h0611 |
||
| 590 |
_aBATCH-UPD _b10 _c20130914 _lUCH01 _h0821 |
||
| 590 |
_aCONVERSION _b10 _c20130109 _lUCH01 _h1352 |
||
| 650 | 1 | 4 |
_aCambio estructural. _917784 |
| 650 | 1 | 4 |
_aCondiciones económicas. _926324 |
| 650 | 1 | 4 | _aDesarrollo económico. |
| 650 | 1 | 4 | _aDesarrollo social. |
| 710 | 2 |
_aNaciones Unidas _980012 |
|
| 901 | _aBK | ||
| 942 | _cFOLL | ||
| 949 |
_aFolleto 17348 _bBC _cFOLL _d33724002055363 _eTS1 _fv.1 _i106480 _sb |
||
| 949 |
_aFolleto 17348 _bBC _cFOLL _d33724002055371 _eTS1 _fv.2 _i106480 _sb |
||
| 949 |
_aFolleto 17348 _bBC _cFOLL _d33724002055389 _eTS1 _fv.3 _i106480 _sb |
||
| 949 |
_aFolleto 17348 _bBC _cFOLL _d33724002055397 _eTS1 _fv.4 _i106480 _sb |
||
| 949 |
_aFolleto 17348 _bBC _cFOLL _d33724002055405 _eTS1 _fv.5 _i106480 _sb |
||
| 949 |
_aFolleto 17348 _bBC _cFOLL _d33724002055413 _eTS1 _fv.6 _i106480 _sb |
||
| 949 |
_aFolleto 17348 _bBC _cFOLL _d33724002055421 _eTS1 _fv.7 _i106480 _sb |
||
| 949 |
_aFolleto 17348 _bBC _cFOLL _d33724002055439 _eTS1 _fv.8 _i106480 _sb |
||
| 949 |
_aFolleto 17348 _bBC _cFOLL _d33724002055446 _eTS1 _fv.9 _i106480 _sb |
||
| 949 |
_aFolleto 17348 _bBC _cFOLL _d33724002055454 _eTS1 _fv.10 _i106480 _sb |
||
| 999 |
_c94877 _d94877 |
||